Biblioteca y Centro de Documentación

PGE 2003 (Registro nro. 14329)

Detalles MARC
000 -CABECERA
Longitud fija campo de control 00976nam a2200313 c 4500
001 - NÚMERO DE CONTROL
Número de control 14329
003 - IDENTIFICADOR DE NÚMERO DE CONTROL
Identificador del número de control ES-MaCES
005 - FECHA Y HORA DE LA ÚLTIMA TRANSACCIÓN
Fecha y hora de la última transacción 20150925141953.0
008 - CAMPO FIJO DE DESCRIPCIÓN FIJA--INFORMACIÓN GENERAL
Códigos de información de longitud fija   021203s2002 sp 100 | spa d
035 ## - NÚMERO DE CONTROL DEL SISTEMA
Número de control del sistema CES20020015422m
040 ## - FUENTE DE CATALOGACIÓN
Centro catalogador de origen ES-MaCES
Lengua de catalogación spa
Centro transcriptor ES-MaCES
245 00 - MENCIÓN DE TÍTULO
Título PGE 2003
Resto del título : continuidad presupuestaria con reformas pendientes
260 ## - PUBLICACIÓN, DISTRIBUCIÓN, ETC (PIE DE IMPRENTA)
Lugar de publicación, distribución, etc. Madrid
Nombre del editor, distribuidor, etc. Círculo de Empresarios
Fecha de publicación, distribución, etc. 2002
300 ## - DESCRIPCIÓN FÍSICA
Extensión 25 p.
Dimensiones 30 cm
490 1# - MENCIÓN DE SERIE
Mención de serie Documentos Círculo
500 ## - NOTA GENERAL
Nota general En la port., además: 15 de octubre de 2002
541 ## - NOTA DE LA FUENTE INMEDIANTE DE ADQUISICIÓN
Forma de adquisición Gratuito
650 #4 - ASIENTO SECUNDARIO DE MATERIA--TÉRMINO DE MATERIA
Término de materia o nombre geográfico como elemento inicial presupuesto nacional
9 (RLIN) 28073
650 #4 - ASIENTO SECUNDARIO DE MATERIA--TÉRMINO DE MATERIA
Término de materia o nombre geográfico como elemento inicial política presupuestaria
9 (RLIN) 30829
650 #4 - ASIENTO SECUNDARIO DE MATERIA--TÉRMINO DE MATERIA
Término de materia o nombre geográfico como elemento inicial España
9 (RLIN) 26964
650 #4 - ASIENTO SECUNDARIO DE MATERIA--TÉRMINO DE MATERIA
Término de materia o nombre geográfico como elemento inicial 2003
9 (RLIN) 31178
653 10 - TÉRMINO DE INDEXACIÓN--NO CONTROLADO
Término no controlado Hacienda Pública
650 #4 - ASIENTO SECUNDARIO DE MATERIA--TÉRMINO DE MATERIA
9 (RLIN) 28077
Término de materia o nombre geográfico como elemento inicial hacienda pública
710 2# - ENCABEZAMIENTO SECUNDARIO--NOMBRE CORPORATIVO
Nombre de entidad o nombre de jurisdicción como elemento inicial Círculo de Empresarios
Término indicativo de función ed.
9 (RLIN) 1954
830 #0 - ENCABEZAMIENTO SECUNDARIO DE COLECCIÓN--TÍTULO UNIFORME
Título uniforme Documentos Círculo
9 (RLIN) 32346
902 ## - CES. TIPO DE DOCUMENTO
Tipodoc (006$c Sirtex) DOC Literatura gris
942 ## - ELEMENTOS KOHA
Fuente de clasificaión o esquema Clasificación propia del CES
Koha [por defecto] tipo de item Monografías
Parte de clasificación 0.1.
Existencias
Número de registro Signatura completa Tipo de item de Koha
049844 DOC-0.1.-116 Monografías
© CES, Consejo Económico y Social de España 2021